| 000 | 01117nam a22003497a 4500 | ||
|---|---|---|---|
| 001 | 0051756 | ||
| 003 | KOHA_MİRAKIL | ||
| 005 | 20260207003816.0 | ||
| 007 | ta | ||
| 008 | 150629b2014 tu a|||gr||||#||||0|tur | | ||
| 020 | _a9786051339535 | ||
| 040 |
_aTR-BiSEU _btur _cTR-BiSEU _erda |
||
| 041 | 0 | _atur | |
| 044 | _ctu | ||
| 050 |
_aHD38.5 _b.A23 2014 |
||
| 100 | 1 | _aAcar, Zafer A.. | |
| 245 | 1 |
_aLojistik yaklaşımıyla tedarik zinciri yönetimi/ _cZafer A. Acar ; A. Zafer Acar, A. Murat Köseoğlu. |
|
| 264 | 1 |
_aAnkara : _bNobel _c2014 |
|
| 300 |
_aX, 388 sayfa : _bresimli ; _c24 cm. |
||
| 336 |
_ametin _btxt _2rdacontent |
||
| 337 |
_aaracısız _bn _2rdamedia |
||
| 338 |
_acilt _bnc _2rdacarrier |
||
| 490 | 1 |
_aNobel yayınları ; _v1050. |
|
| 490 | 1 |
_a İktisat ekonomi no ; _v1050. |
|
| 500 | _aKaynakça var. | ||
| 650 | 0 |
_aTedarik zinciri Yönetimi. _996427 |
|
| 650 | 0 |
_aİşletme lojistiği--Yönetim. _996428 |
|
| 650 | 0 |
_aBusiness logistics--Management. _919001 |
|
| 830 | 1 |
_aNobel yayınları ; _v1050. _91490 |
|
| 830 | 1 |
_a İktisat ekonomi no ; _v1050. _996429 |
|
| 942 |
_2lcc _cBK |
||
| 999 |
_c51576 _d51576 |
||